| 000 | 00732nam a2200265Ia 4500 | ||
|---|---|---|---|
| 003 | OSt | ||
| 005 | 20220912145540.0 | ||
| 006 | a|||||r|||| 00| 0 | ||
| 007 | ta | ||
| 008 | 220909b |||||||| |||| 00| 0 eng d | ||
| 024 | _a70219 | ||
| 037 | _cTextual | ||
| 040 |
_aCSL _beng _cCSL |
||
| 041 | _aeng | ||
| 082 | _aG12(E:122)p5,N65, K5 | ||
| 100 | _aRichelle L J Ed. | ||
| 111 | _aEuropen symposium on calcified tissues (2 : 1964 : Liege) | ||
| 245 | 0 | _aProceeding on calcified tissues | |
| 260 | _c1965 | ||
| 300 |
_ap. _ccm. |
||
| 650 | _aTissue | ||
| 700 | _a Dallemagne M J Ed. | ||
| 942 |
_hG12(E:122)p5,N65, K5 _cTEXL _2CC |
||
| 999 |
_c34266 _d34266 |
||